[Event "AUT-ch U14"]
[Site "Fuerstenfeld"]
[Date "2024.06.02"]
[Round "7"]
[White "Veladzic, Benjamin"]
[Black "Brown, Julian"]
[Result "1-0"]
[WhiteElo "1835"]
[BlackElo "1801"]
[PlyCount "129"]
[EventDate "2024.05.30"]
[EventType "swiss"]
[EventRounds "7"]
[EventCountry "AUT"]
[SourceTitle "CB23_2024"]
[SourceDate "2024.06.05"]
[SourceVersion "1"]
[SourceVersionDate "2024.06.05"]
[SourceQuality "1"]

1. c4 e5 2. g3 c6 3. d3 Nf6 4. Nc3 d5 5. Bg5 Be6 6. cxd5 cxd5 7. Bg2 Bb4 8. a3 Bxc3+ 9. bxc3 0-0 10. Nf3 Qc7 11. Qd2 Nfd7 12. 0-0 f6 13. Be3 Rc8 14. Rfc1 Nc6 15. Qb2 Rab8 16. a4 b6 17. Nd2 Na5 18. Qb5 Qc6 19. Qxc6 Rxc6 20. Ra3 Rbc8 21. Nb1 R6c7 22. Bd2 Nc5 23. Kf1 Kf8 24. Be3 Nab3 25. Bxc5+ Nxc5 26. d4 exd4 27. cxd4 Nb3 28. Re1 Na5 29. Nd2 Nc4 30. Nxc4 Rxc4 31. e3 Rb4 32. Ra2 a5 33. Ree2 Ke7 34. Reb2 Rcc4 35. Ke1 Kd6 36. Bf1 Rxb2 37. Rxb2 Rb4 38. Rxb4 axb4 39. Bb5 Bd7 40. Bxd7 Kxd7 41. Kd2 h5 42. h4 f5 43. Kc2 Kc6 44. Kb3 Kb7 45. Kxb4 Ka7 46. Kb5 Kb7 47. a5 bxa5 48. Kxa5 Kc6 49. Ka6 Kd7 50. Kb7 Kd6 51. Kb6 g6 52. f4 Ke7 53. Kc5 Ke6 54. Kc6 Ke7 55. Kxd5 Kf6 56. Kd6 g5 57. hxg5+ Kg6 58. Ke6 h4 59. gxh4 Kh5 60. Kxf5 Kxh4 61. g6 Kh3 62. g7 Kh2 63. g8Q Kh1 64. Ke4 Kh2 65. Kf3 1-0

[Event "AUT-ch U14"]
[Site "Fuerstenfeld"]
[Date "2024.05.31"]
[Round "4"]
[White "Aschenbrenner, Philip"]
[Black "Veladzic, Benjamin"]
[Result "0-1"]
[WhiteElo "1913"]
[BlackElo "1835"]
[PlyCount "96"]
[EventDate "2024.05.30"]
[EventType "swiss"]
[EventRounds "7"]
[EventCountry "AUT"]
[SourceTitle "CB23_2024"]
[SourceDate "2024.06.05"]
[SourceVersion "1"]
[SourceVersionDate "2024.06.05"]
[SourceQuality "1"]

1. e4 e5 2. Bc4 Nc6 3. Nf3 Bc5 4. d3 d6 5. c3 Be6 6. Bb3 Nf6 7. Nbd2 h6 8. h3 Bb6 9. Nf1 Qd7 10. Be3 Ne7 11. Bxb6 axb6 12. Ng3 Ng6 13. Bxe6 fxe6 14. d4 Qb5 15. Qe2 Qxe2+ 16. Kxe2 exd4 17. Nxd4 e5 18. Ndf5 Nf4+ 19. Kd2 0-0 20. Ne3 Nd7 21. f3 Nc5 22. Ngf5 Rf7 23. Kc2 Kh7 24. Rhf1 Raf8 25. Rf2 g6 26. Ng3 h5 27. h4 Na4 28. Rd1 b5 29. Rdf1 Nb6 30. Kd2 Nc4+ 31. Nxc4 bxc4 32. b3 Ra8 33. bxc4 Rxa2+ 34. Kd1 Ra4 35. Kc2 Rf8 36. Kb3 Rfa8 37. Rb2 Nd3 38. Rd2 Nc5+ 39. Kc2 Ra2+ 40. Kd1 Rxd2+ 41. Kxd2 Ra2+ 42. Ke3 Rxg2 43. Ne2 Rh2 44. f4 Rxh4 45. fxe5 Rxe4+ 46. Kd2 Kg7 47. exd6 cxd6 48. Nf4 Rxc4 0-1

[Event "AUT-ch U14"]
[Site "Fuerstenfeld"]
[Date "2024.05.30"]
[Round "2"]
[White "Veladzic, Benjamin"]
[Black "Wallinger, Nikolaus"]
[Result "1-0"]
[WhiteElo "1835"]
[BlackElo "1936"]
[PlyCount "63"]
[EventDate "2024.05.30"]
[EventType "swiss"]
[EventRounds "7"]
[EventCountry "AUT"]
[SourceTitle "CB23_2024"]
[SourceDate "2024.06.05"]
[SourceVersion "1"]
[SourceVersionDate "2024.06.05"]
[SourceQuality "1"]

1. c4 e5 2. g3 Nc6 3. Bg2 g6 4. Nc3 Bg7 5. e3 d6 6. Nge2 Be6 7. b3 f5 8. Bb2 Nf6 9. d4 Bd7 10. 0-0 0-0 11. a3 Rb8 12. dxe5 Nxe5 13. Qc2 Qe8 14. Nf4 g5 15. Nd3 Qh5 16. Nxe5 dxe5 17. Nd5 c6 18. Nxf6+ Bxf6 19. Qd1 Qf7 20. f4 Rfe8 21. Qd6 Rbd8 22. fxe5 Be6 23. Qb4 Be7 24. Qc3 Qh5 25. Bf3 Qg6 26. Rad1 f4 27. gxf4 gxf4+ 28. Kh1 Bg4 29. Bxg4 Qxg4 30. Rxd8 Rxd8 31. e6 Qxe6 32. Qg7# 1-0